000 00470nam a22001697a 4500
005 20260429160623.0
008 160521b xxu||||| |||| 00| 0 eng d
020 _a81-203-1139-6
041 _aeng
082 _b3659
_a511.6
100 _aChristos H. Papadimitriou and Kenneth Steiglitz
_99021
245 _aCombinatorial Optimization: Algorithms and Complexity
260 _aNew Delhi
_bPHI,
_c2003
300 _a486
650 _aInformation Technology
942 _cBK
999 _c1251
_d1251